Car models starting with A by pictures - Statistics

General Stats
  • This quiz has been taken 129 times
  • The average score is 5 of 10
Answer Stats
Picture Hint Answer % Correct
Audi A3
89%
Lamborghini Aventador
81%
Honda Accord
80%
Opel Astra
61%
Volkswagen Arteon
49%
Pontiac Aztek
45%
McLaren Artura
42%
Cadillac ATS
33%
Chevrolet Aveo
28%
Volvo Amazon
26%
No matching quizzes found
Score Distribution
Percent of People with Each Score
Percentile by Number Answered
Your Score History
You have not taken this quiz